| 000 | 00710cam a2200253 4500 | ||
|---|---|---|---|
| 008 | 090401t1994 xxu||||| |||| 00| 0 eng d | ||
| 020 | _a0860173941 | ||
| 035 | _a(Sirsi) u55674 | ||
| 041 | _aeng | ||
| 050 | _a690.231 | ||
| 110 |
_aConstruction Industry Research and Information Association _94810 |
||
| 245 | 2 | _aA client`s guide to the management of building refurbishment. | |
| 260 |
_aLondon _bCIRIA _c1994 |
||
| 300 | _avi,80p. ; 30cm. | ||
| 350 | _a50 | ||
| 490 |
_aCIRIA Report _v133 |
||
| 650 | _aCONVERSION | ||
| 650 | _aMANAGEMENT-PROJECT MANAGEMENT | ||
| 650 | _aREFURBISHMENT PROJECTS | ||
| 650 | _aRENOVATION | ||
| 690 |
_aRefurbishment _96264 |
||
| 942 | _n0 | ||
| 948 | _c04/03/1997 | ||
| 999 |
_c93633 _d93633 |
||